01400nab a2200361 a 450000100060000000300080000600500170001400600190003100700150005000800410006502200140010603500210012004000260014105000210016708000100018808200140019810000290021222200570024124502520029826000510055030000090060131000150061036200250062553301640065065000310081465000270084565500320087270000190090470000180092371000190094185600610096099900170102133390FlNmELB20241216220823.0m o d | cr cn|||||||||201106r2006 ck |||||s|||||||||||spa d a0120-4157 a(OCoLC)955417036 aFlNmELBbspacFlNmELB 4aRC109bG643 2006 a616.904a616.92221 aOvalle, Clemencia Elena. 0aBiomédica. Revista del Instituto Nacional de Salud10aDistribución geográfica de especies de leishmania aisladas de pacientes consultantes al Instituto Nacional de Dermatología Federico Lleras Acosta, E.S.E., 1995-2005h[recurso electronico] /cClemencia Elena Ovalle, Luisa Porras, Maritza Rey. aBogotá (Colombia) :bRed Biomédica,c2006. a9 p. aTrimestral0 aVol. 26, No 1(2006)- aRecurso electrónico. Santa Fe, Arg.: e-libro, 2015. Disponible vía World Wide Web. El acceso puede estar limitado para las bibliotecas afiliadas a e-libro. 4aMedicina.xDermatología. 4aMedical.xDermatology. 4aArtículos electrónicos.1 aPorras, Luisa.1 aRey, Maritza.2 ae-libro, Corp.40uhttps://elibro.net/ereader/politecnicointernacional/5397 c33390d33390